LEADER 00885nam a2200205 4500 001 000000345444 003 CaOOAMICUS 005 20250926145650.0 008 210420s1801 it 000 u ita r 026 $aa.ro cei, i.ri iped (3) 1801 (A) 040 $aSeMil$bita 245 10$a[Elogio primo]. 264 1$aParma :$bCo' tipi Bodoniani,$c1801. 300 $a[8], 88 p. ;$c16° 773 0 $aLeone, Evasio $tElogio primo [-secondo] di S. Vincenzo de' Paoli fondatore de' Signori della Missione, di Evasio Leone carmelitano .$dParma : Co' tipi Bodoniani, 1801.$g1$w()345443 850 $aSeMil 852 $aSeMil$W1$xVenegono$y1$m2ZA VIII 34 FA$j225475$B236531$CSeMilBibl$Z2$F236531 $8I 996 $6245$a[Elogio primo]$9(OLS)http://semarc/title/434591 996 $6264$aParma :$bCo' tipi Bodoniani$9(OLS)http://semarc/publisher/59707 LEADER 01087nam a2200205 i 4500 001 000000213684 003 CaOOAMICUS 005 20220809141300.0 008 120601s1652 ne u000 u lat u 013 $a192539 026 $ao-r- **** ***- voDi (3) 1652 (R) - [*= caratteri greci] 040 $aSeMil$bita 245 10$aAristeidou Kointilianou Peri mousikes biblia 3. Aristidis Quintiliani De musica libri 3. Marcus Meibomius restituit, ac notis explicavit. Volumen 2. 300 $a[8], 363, [1] p. 500 $aSegn.: *4 A-2Y4 2Z2 773 0 $aMeibom, Marcus <1630-1711>$tAntiquae musicae auctores septem. Graece et Latine. Marcus Meibomius restituit ac notis explicavit. Volumen 1. [-2.].$dAmstelodami : Apud Ludovicum Elzevirium, 1652.$g2$w()26867 850 $aSeMil 852 $aSeMil$W1$xVenegono$y1$m1Z II 44 FA$j164112$B164112$CSeMilBibl$Z2$F175146 $8I 996 $6245$aAristeidou Kointilianou Peri mousikes biblia 3. Aristidis Quintiliani De musica libri 3. Marcus Meibomius restituit, ac notis explicavit. Volumen 2$9(OLS)http://semarc/title/308018